Introducción a la política
Uloženo v:
| Hlavní autor: | |
|---|---|
| Médium: | Kniha |
| Jazyk: | španělština |
| Vydáno: |
Barcelona
Ariel
1990
|
| Vydání: | 10a. ed |
| Edice: | Ariel Ciencia Política
|
| Témata: | |
| Tagy: |
Přidat tag
Žádné tagy, Buďte první, kdo vytvoří štítek k tomuto záznamu!
|
MARC
| LEADER | 00000cam a2200000 a 4500 | ||
|---|---|---|---|
| 001 | UCD4139 | ||
| 003 | CL-VaPUC | ||
| 008 | 160623e19900200sp |||||||||||||||||spa|d | ||
| 020 | |a 8434417774 | ||
| 082 | 0 | 4 | |a 320.01 |b DUV |2 21 |
| 100 | 0 | |a Duverger, Maurice |e author |9 587759 | |
| 245 | 1 | 0 | |a Introducción a la política |
| 250 | |a 10a. ed | ||
| 300 | |a 281 p | ||
| 942 | |c BK | ||
| 945 | |d 20160623 20:48:00 |a arojas | ||
| 260 | |a Barcelona |b Ariel |c 1990 | ||
| 650 | 7 | |a TEORIA POLITICA |2 CL-VaPUC |9 587760 | |
| 650 | 0 | |a Política |9 255312 | |
| 650 | 0 | |a Antropología política |9 393207 | |
| 650 | 0 | |a Sociedad |9 307903 | |
| 650 | 7 | |a LUCHA SOCIAL |2 CL-VaPUC |9 393208 | |
| 583 | |a last modification |c 20160623 20:48:00 |k Rodrigo Vera | ||
| 490 | 0 | |a Ariel Ciencia Política | |
| 999 | |c 365081 |d 365079 | ||
| 952 | |0 0 |1 0 |3 erb |4 0 |6 320_010000000000000_DUV_1990 |7 0 |8 A |9 478784 |a FDOHBE |b FDOHBE |e Huesbe Llanos, Marco Antonio, 1934- |i 5333687 |o 320.01 DUV 1990 |p 5333687 |r 2024-01-30 |w 2019-11-24 |y BK |z Catalogado en:20160623 |k HBE | ||